| 000 | 01513cam a22003977a 4500 | ||
|---|---|---|---|
| 003 | CHAP | ||
| 005 | 20220329142151.0 | ||
| 008 | 000126d1999 mx r 00110 spa d | ||
| 010 | _a79493 | ||
| 011 | _a80465 | ||
| 035 | _a90916 | ||
| 040 | _cCHAP | ||
| 090 | _aTesis | ||
| 100 | 0 | 0 |
_aBenítez Reynoso, José Luis. _911654 |
| 245 | 1 | 0 |
_aCrédito bancario comercial a la ganadería bovina doble propósito, con recursos FIRA en el estado de Guerrero : _bperíodo 1987-1997 _c/por José Luis Benítez Reynoso |
| 260 |
_aChapingo, Méx. : _bEl autor, _c1999. |
||
| 300 |
_a90 h. : _bgráfs. ; cuadros |
||
| 502 | _aTesis (Ing. Agr. Esp. en Zootecnia) -- UACH. Departamento de Zootecnia | ||
| 590 |
_aALEPH _b10 _c20130110 _lUCH01 _h1431 |
||
| 590 |
_aBATCH-UPD _b10 _c20130110 _lUCH01 _h0617 |
||
| 590 |
_aBATCH-UPD _b10 _c20130111 _lUCH01 _h0002 |
||
| 590 |
_aBATCH-UPD _b10 _c20130410 _lUCH01 _h0259 |
||
| 590 |
_aBATCH-UPD _b10 _c20130410 _lUCH01 _h1648 |
||
| 590 |
_aBATCH-UPD _b10 _c20130914 _lUCH01 _h1103 |
||
| 590 |
_aCONVERSION _b10 _c20130109 _lUCH01 _h1344 |
||
| 650 | 1 | 4 |
_aCrédito ganadero _xGuerrero. _929112 |
| 650 | 1 | 4 |
_aGanado de carne _xGuerrero. _945085 |
| 650 | 1 | 4 |
_aGanado lechero _xGuerrero. _945269 |
| 650 | 1 | 4 |
_aGanado vacuno _xGuerrero. _945472 |
| 901 | _aBK | ||
| 905 | _aGguadalupe Pinto C. | ||
| 942 | _cFOLL | ||
| 949 |
_bBC _cTES _d33724000740783 _eTS2 _fc.2 _h34563 _i90916 _sb |
||
| 949 |
_bBC _cTES _d33724000752192 _eTS2 _fc.3 _h35566 _i90916 _si |
||
| 949 |
_bBC _cTES _d909161 _eTS1 _h34562 _i90916 _sb |
||
| 999 |
_c79493 _d79493 |
||